Statistics for How many times can you type aa in 15 seconds

Click here to take the quiz!

General Stats

  • This quiz has been taken 43 times
  • The average score is 115 of 150

Answer Stats

Amountaa% Correct
1aa
100%
18aa
100%
33aa
100%
32aa
100%
31aa
100%
30aa
100%
29aa
100%
28aa
100%
26aa
100%
25aa
100%
24aa
100%
23aa
100%
22aa
100%
21aa
100%
20aa
100%
19aa
100%
27aa
100%
17aa
100%
8aa
100%
16aa
100%
3aa
100%
4aa
100%
5aa
100%
6aa
100%
7aa
100%
2aa
100%
10aa
100%
11aa
100%
12aa
100%
13aa
100%
14aa
100%
9aa
100%
15aa
100%
35aa
96%
38aa
96%
39aa
96%
40aa
96%
37aa
96%
36aa
96%
34aa
96%
41aa
93%
42aa
93%
43aa
93%
44aa
93%
45aa
89%
46aa
85%
47aa
85%
48aa
85%
49aa
81%
50aa
81%
51aa
78%
55aa
74%
52aa
74%
54aa
74%
53aa
74%
61aa
70%
65aa
70%
64aa
70%
62aa
70%
63aa
70%
60aa
70%
59aa
70%
58aa
70%
57aa
70%
56aa
70%
117aa
67%
123aa
67%
122aa
67%
121aa
67%
120aa
67%
119aa
67%
118aa
67%
111aa
67%
116aa
67%
115aa
67%
114aa
67%
113aa
67%
112aa
67%
125aa
67%
110aa
67%
109aa
67%
108aa
67%
124aa
67%
131aa
67%
126aa
67%
136aa
67%
143aa
67%
142aa
67%
141aa
67%
140aa
67%
139aa
67%
138aa
67%
137aa
67%
135aa
67%
127aa
67%
134aa
67%
106aa
67%
133aa
67%
132aa
67%
130aa
67%
129aa
67%
128aa
67%
107aa
67%
76aa
67%
105aa
67%
74aa
67%
104aa
67%
81aa
67%
80aa
67%
79aa
67%
78aa
67%
77aa
67%
75aa
67%
73aa
67%
84aa
67%
72aa
67%
71aa
67%
70aa
67%
69aa
67%
68aa
67%
67aa
67%
66aa
67%
83aa
67%
82aa
67%
85aa
67%
96aa
67%
103aa
67%
102aa
67%
101aa
67%
100aa
67%
99aa
67%
86aa
67%
97aa
67%
98aa
67%
95aa
67%
94aa
67%
93aa
67%
92aa
67%
91aa
67%
90aa
67%
89aa
67%
88aa
67%
87aa
67%
144aa
63%
145aa
63%
146aa
63%
147aa
63%
148aa
56%
149aa
52%
150aa
52%

Score Distribution

Percentile by Number Answered

Percent of People with Each Score

Your Score History

You have not taken this quiz